Landowners must get defensive (Record no. 74289)

MARC details
000 -LEADER
fixed length control field 01665cab a2200253 4500
001 - CONTROL NUMBER
control field ABS67661
008 - FIXED-LENGTH DATA ELEMENTS--GENERAL INFORMATION
fixed length control field 040323n2004 000 0 eng u
035 ## - SYSTEM CONTROL NUMBER
System control number (Sirsi) u125522
100 ## - MAIN ENTRY--PERSONAL NAME
Personal name Hebblethwaite, J.
245 ## - TITLE STATEMENT
Title Landowners must get defensive
260 ## - PUBLICATION, DISTRIBUTION, ETC.
Date of publication, distribution, etc. 2004
490 ## - SERIES STATEMENT
Series statement Estates Gazette
Volume/sequential designation (0412) 20 March 2004, 162-164 (2)
520 ## - SUMMARY, ETC.
Summary, etc. A roundup of case law concerning the registration of village and town greens under the Commons Registration Act 1965. "Oxfordshire CC v Oxford City Council" ([2004] EWHC 12 (Ch), 124969) an important landmark decision, held that registration of a town or village green merely records its status, it does not confer it status. Argues that this case will cause concern among landowners and developers as the legislation is now being used to prevent developments that would normally be acceptable in planning terms, and therefore suggests that landowners will need to ask even more probing questions prior to undertaking the development of bare land. Provides a checklist of precautionary measures for landowners. Identifies leading cases on registration. Leave has been granted for judicial review of "R v Commons Commissioners ex p Whitmey" ([2003] EWCA 137, unreported) which may be viewed at www.courtservice.gov.uk.
590 ## - LOCAL NOTE (RLIN)
Local note ABS
650 ## - SUBJECT ADDED ENTRY--TOPICAL TERM
Topical term or geographic name entry element PLANNING LAW AND PRACTICE-CASE LAW
650 ## - SUBJECT ADDED ENTRY--TOPICAL TERM
Topical term or geographic name entry element COMMONS REGISTRATION ACT 1965
650 ## - SUBJECT ADDED ENTRY--TOPICAL TERM
Topical term or geographic name entry element VILLAGE GREEN
650 ## - SUBJECT ADDED ENTRY--TOPICAL TERM
Topical term or geographic name entry element PLANNING LAW
650 ## - SUBJECT ADDED ENTRY--TOPICAL TERM
Topical term or geographic name entry element LANDOWNERS
650 ## - SUBJECT ADDED ENTRY--TOPICAL TERM
Topical term or geographic name entry element OXFORDSHIRE CC V OXFORD CITY COUNCIL AND ANOTHER
650 ## - SUBJECT ADDED ENTRY--TOPICAL TERM
Topical term or geographic name entry element R V STAFFORDSHIRE CC EX P ALFRED MCALPINE HOMES LTD
690 ## - LOCAL SUBJECT ADDED ENTRY--TOPICAL TERM (OCLC, RLIN)
Topical term or geographic name as entry element PROPERTY AND LAND LAW-CASE LAW
942 ## - ADDED ENTRY ELEMENTS (KOHA)
Suppress in OPAC 0
Holdings
Withdrawn status Lost status Source of classification or shelving scheme Damaged status Not for loan Home library Current library Shelving location Date acquired Total Checkouts Full call number Barcode Date last seen Copy number Price effective from Koha item type
    Dewey Decimal Classification     London London Journal article 23/03/2004   ABS67661 125522-1001 06/08/2019 1 06/08/2019 Journal article